25 grootste steden in Nederland - Statistics

General Stats
  • This quiz has been taken 1,267 times
  • The average score is 18 of 25
Answer Stats
Provincie Antwoord % Correct
Noord-Holland Amsterdam
100%
Zuid-Holland Rotterdam
98%
Utrecht Utrecht
98%
Zuid-Holland Den Haag
96%
Groningen Groningen
96%
Noord-Brabant Eindhoven
91%
Limburg Maastricht
85%
Flevoland Almere
83%
Gelderland Arnhem
82%
Noord-Brabant Breda
82%
Noord-Brabant 's-Hertogenbosch
82%
Noord-Brabant Tilburg
81%
Overijssel Zwolle
80%
Noord-Holland Haarlem
77%
Gelderland Nijmegen
76%
Zuid-Holland Leiden
66%
Overijssel Enschede
63%
Utrecht Amersfoort
59%
Gelderland Apeldoorn
59%
Zuid-Holland Delft
51%
Overijssel Deventer
47%
Zuid-Holland Dordrecht
44%
Noord-Holland Zaanstad
36%
Zuid-Holland Zoetermeer
31%
Noord-Holland Hoofddorp
16%
No matching quizzes found
Score Distribution
Percent of People with Each Score
Percentile by Number Answered
Your Score History
You have not taken this quiz